000 00316nam a22001337a 4500
008 170131b xxu||||| |||| 00| 0 eng d
020 _a9780323022484
041 _aeng
080 _a61
100 _a3
101 _aSHMI
245 _aFECAL & URINARY DIVERSINS MANAGEMENT PRINCIPLES
_cCOLWELL, J.C
942 _2udc
_cBK
999 _c4107
_d4107